Advances in computer-supported learning / (Record no. 6246)
[ view plain ]
| 000 -LEADER | |
|---|---|
| fixed length control field | 01430nac a22002891u 4500 |
| 010 ## - LIBRARY OF CONGRESS CONTROL NUMBER | |
| LC control number | 2006015056 |
| 020 ## - INTERNATIONAL STANDARD BOOK NUMBER | |
| International Standard Book Number | 1599043556 (hardcover : alk. paper) |
| 020 ## - INTERNATIONAL STANDARD BOOK NUMBER | |
| International Standard Book Number | 1599043564 (softcover : alk. paper) |
| 020 ## - INTERNATIONAL STANDARD BOOK NUMBER | |
| International Standard Book Number | 1599043572 (ebook : alk. paper) |
| 082 00 - DEWEY DECIMAL CLASSIFICATION NUMBER | |
| Classification number | 371.334 |
| Item number | NET |
| 090 ## - LOCALLY ASSIGNED LC-TYPE CALL NUMBER (OCLC); LOCAL CALL NUMBER (OCLC) | |
| -- | 6246 |
| -- | 6246 |
| 100 ## - MAIN ENTRY--PERSONAL NAME | |
| Personal name | Neto, Francisco Miltons [ed.] |
| 245 00 - TITLE STATEMENT | |
| Title | Advances in computer-supported learning / |
| Statement of responsibility, etc | Francisco Milton Mendes Neto and Francisco Brasileiro, editors. |
| 260 ## - PUBLICATION, DISTRIBUTION, ETC. (IMPRINT) | |
| Place of publication, distribution, etc | Hershey PA : |
| Name of publisher, distributor, etc | Information Science Pub.,c.2006. |
| Date of publication, distribution, etc | c.2006. |
| 300 ## - PHYSICAL DESCRIPTION | |
| Extent | p. cm. |
| 500 ## - GENERAL NOTE | |
| General note | Distributer: Academic BookShop. |
| 504 ## - BIBLIOGRAPHY, ETC. NOTE | |
| Bibliography, etc | Includes bibliographical references and index. |
| 511 ## - PARTICIPANT OR PERFORMER NOTE | |
| Participant or performer note | Catalogued By: Mahitab. |
| 520 ## - SUMMARY, ETC. | |
| Summary, etc | "This book clarifies the new technologies, applications, and research in computer-supported learning. It helps students, teachers, and researchers gain a larger understanding of this field and the trends that are driving computer-supported learning forward"--Provided by publisher. |
| 650 #0 - SUBJECT ADDED ENTRY--TOPICAL TERM | |
| Topical term or geographic name as entry element | Computer-assisted instruction. |
| 650 #0 - SUBJECT ADDED ENTRY--TOPICAL TERM | |
| Topical term or geographic name as entry element | Educational technology. |
| 650 #0 - SUBJECT ADDED ENTRY--TOPICAL TERM | |
| Topical term or geographic name as entry element | Internet in education. |
| 700 1# - ADDED ENTRY--PERSONAL NAME | |
| Personal name | Brasileiro, Francisco, |
| Dates associated with a name | 1965- |
| 856 41 - ELECTRONIC LOCATION AND ACCESS | |
| Materials specified | Table of contents only |
| Uniform Resource Identifier | <a href="http://www.loc.gov/catdir/toc/ecip0613/2006015056.html">http://www.loc.gov/catdir/toc/ecip0613/2006015056.html</a> |
| 942 ## - ADDED ENTRY ELEMENTS (KOHA) | |
| Item type | Book - Borrowing |
| Call number prefix | 371.334NET |
| Withdrawn status | Item status | Damaged status | Not for loan | Home library | Current library | Shelving location | Date acquired | Source of acquisition | Total Checkouts | Full call number | Barcode | Date last seen | Date last borrowed | Koha item type |
|---|---|---|---|---|---|---|---|---|---|---|---|---|---|---|
| Central Library | Central Library | First floor | 19/11/2007 | Purchase | 2 | 371.334NET | 000007838 | 15/07/2025 | 07/07/2010 | Book - Borrowing |